| 000 | 00519 a2200205 4500 | ||
|---|---|---|---|
| 005 | 20260226122708.0 | ||
| 008 | 260226b |||||||| |||| 00| 0 eng d | ||
| 020 |
_a9789393168429 _cRs. 595.00 |
||
| 040 | _aMAIN | ||
| 082 |
_a570 _bG959B |
||
| 100 | _aGupta, P K | ||
| 245 | _aBiotechnology, immunology, biotechniques and biostatistics | ||
| 260 | _bMedTech Science Press | ||
| 300 | _a405 | ||
| 650 | _aBiology | ||
| 650 | _aBiotechnology | ||
| 650 | _aImmunology | ||
| 650 | _aBiostatistics | ||
| 942 | _cBK | ||
| 999 |
_c396795 _d396795 |
||